000 02852njm0a2200373 4500
001 RU\NLR\ONIZ\263874
005 20250708193132.0
035 _a(NLR Aleph) 012514620
071 0 0 _aС60-10809-10
090 _a13284109
_c13284109
100 _a20210504d1979 |||y0rusy50 ca
102 _aRU
126 _aabbxexu ux
_bxxx
127 _a000036
200 1 _aМелодии и песни Анатолия Кальварского
_bЗвукозапись
210 _aМосква
_cМелодия
_d1979
215 _a1 грп. [ГОСТ 5289-73] : 33 об/мин, стерео
_d30 см, в конв
327 1 _a1. Пой, земля / [слова] : И. Резника ; исполняют : А. Троицкий, пение, вокальное трио ;
_a2. Лесное озеро / [слова] : И. Резника ; исполняют : А. Кожевникова, пение, вокальное трио ;
_a3. Да, это счастье / [слова] : К. Рыжова ; исполняют : Н. Бродская, ансамбль "Солнце" ;
_a4. Час пик ;
_a5. Белая ночь / [слова] : К. Рыжова ; исполняет : Е. Дриацкая, пение ;
_a6. Еще не вечер / [слова] : К. Рыжова ; исполняют : М. Боярский, пение, вок. трио ;
_a7. Осенний романс ;
_a8. Хороша была любовь / [слова] : Л. Шишко ; исполняют : А. Иванова, пение, ансамбль "Солнце" ;
_a9. Улица детства ;
_a10. Зелье приворотное / [слова] : Ю. Погорельского ; исполняет : Н. Бродская, пение ;
_a11. В субботу утром / сопровождает : Эстрадный оркестр Ленинградского радио, дирижер А. Кальварский
606 1 _aПесни российских композиторов
_z20-21 вв.
_jЗвукозапись
_2nlr_sh
606 1 _aПевцы эстрадные российские
_z20-21 вв.
_jЗвукозапись
_2nlr_sh
606 1 _aМузыка для эстрадного оркестра
_yРоссия
_z20-21 вв.
_jЗвукозапись
_2nlr_sh
686 0 _aЩ943.4-041.5я44(2Р=Р)
686 0 _aЩ951.81я44(2Р=Р)
700 1 _9z01790
_aКальварский
_bА. В.
_f1934-
_gАнатолий Владимирович
_4230
_7ca
712 0 2 _aЭстрадный оркестр Ленинградского радио
_4570
_7ca
790 1 _9z01700
_aKal`varskij
_bA. V.
_f1934-
_gAnatolij Vladimirovič
_4230
_7ba
801 0 _aRU
_bNLR
_c20210504
_gPSBO
801 1 _aRU
_bNLR
_c20210504
_2rusmarc
801 2 _aRU
_bNLR
_c20210523
852 _aNLR
_bМг
_j3/7746
_p36197
_t1
942 _cREC
980 _aNB
980 _aONIZ